000 00559nam a2200193Ia 4500
005 20250508152531.0
008 008 250505s9999 xx 000 0 eng d
037 _aTextual
040 _aFEDL
_beng
_cFEDL
041 _aeng
_2eng
084 _a330.54, GOP
_qFEDL
100 _aGopalakrishnan P. K.
245 0 _aDevelopment of economic ideas in India: 1880-1950
260 _aNew Delhi, India
_bPeople's Publishing House
_c1959
300 _aviii,205p
650 _aEconomics
942 _cTEXL
_h330.54, GOP
999 _c1337061
_d1337061